000 00725cam a2200253 a 4500
001 000025294
003 DO-SdBNP
005 20220513103622.0
007 ta
008 880808s2005 sp a 000 f spa d
040 _aDO-SdBNP
_bspa
_cBNPHU
049 _aBNPD
082 4 _a861.6
_bJ61p, 2005
_222
100 1 _aJiménez, Juan Ramón,
_d1881-1958.
_98948
245 1 0 _aPlatero y yo /
_cJuan Ramón Jiménez.
260 _aSanto Domingo :
_bTobogán-Panapo,
_c2005.
300 _a200 p. :
_bil. ;
_c24 cm.
490 1 _aClásicos Universales
590 _aInventariado, 2022/BT
650 4 _aPoesía española
_9631
650 4 _aLiteratura española
_9632
830 0 _aClásicos Universales
_9266
942 _2ddc
_cLBS1
999 _c24787
_d24787